000 00855nam a22002295i 4500
001 178518
003 ES-MaACL
005 20230906220541.0
008 110606s2004 sp |||| | spa d
020 _a84-7926-444-6
080 _a929 Mendoza, Florisel
080 _a94(460)"1931/1939"(093.3)
100 1 _aMendoza, Florisel.
_9146945
245 1 0 _aFlorisel Mendoza
_b: Memorias : con los parias de la tierra /
_cedición e introducción, Félix Rodríguez Mendoza.
250 _a1ª ed.
260 _a[Santa Cruz de Tenerife] :
_bCentro de la Cultura Popular Canaria,
_c2004.
300 _a123, [10] p. :
_bil. bl. y n. ;
_c21 cm.
600 1 4 _aMendoza, Florisel.
_9146945
651 4 _aEspaña-
_xHistoria-
_y1931-1939, II República-
_vRelatos personales.
_98290
700 1 _aRodríguez Mendoza, Félix.
_9146946
852 _aES-MaACL
_jE-15271
999 _c178518
_d178518